000 00381 a2200169 4500
001 70132
020 _a8532250483
040 _cAnchieta - Itaigara
100 _aMurray, Roseana
240 1 0 _aRecados do corpo e da alma
_lpor
245 1 0 _aRecados do corpo e da alma
300 _a47
362 0 _a2003
440 1 _aFTD
650 4 _aLiteratura infanto-juvenil
942 _cBK
999 _c70132
_d70132